[Event "Hoogovens"]
[Site "Wijk aan Zee"]
[Date "1996.01.17"]
[Round "4"]
[White "Sokolov, Ivan"]
[Black "Topalov, Veselin"]
[Result "1-0"]
[WhiteElo "2665"]
[BlackElo "2700"]
[Annotator "Stohl,I"]
[PlyCount "57"]
[EventDate "1996.01.13"]
[EventType "tourn"]
[EventRounds "13"]
[EventCountry "NED"]
[EventCategory "17"]
[SourceTitle "CBM 051"]
[Source "ChessBase"]
[SourceDate "1996.04.01"]
[SourceVersion "1"]
[SourceVersionDate "1996.04.01"]
[SourceQuality "1"]

1. d4 {Ftacnik} Nf6 2. c4 e6 3. Nc3 c5 4. d5 exd5 5. cxd5 d6 6. e4 g6 7. f4 Bg7
8. Bb5+ Nbd7 $2 (8... Nfd7 9. a4 O-O 10. Nf3 Na6 11. O-O Nc7 12. Bd3 a6 13. Kh1
Rb8 14. f5 b5 15. Bg5 Nf6 16. e5 dxe5 17. Nxe5 Bb7 18. Nc6 Bxc6 19. dxc6 c4 20.
Bc2 Qxd1 21. Raxd1 Rb6 22. Bxf6 Bxf6 23. fxg6 fxg6 24. Be4 bxa4 25. Nxa4 Rb4
$15 {Sotnikov,A-Totsky,L/RUS-chS Orel/1992/}) 9. e5 dxe5 10. fxe5 Nh5 11. e6 (
11. Nf3 O-O 12. Bg5 Qb6 13. Qe2 a6 14. Bc4 Nxe5 15. Nxe5 Re8 16. O-O Rxe5 17.
Qd2 Qb4 18. Be2 Qd4+ 19. Kh1 Bg4 20. Bf3 Rae8 21. Rad1 Qxd2 22. Bxd2 Bxf3 23.
Rxf3 f5 $15 {Cherepkov,A-Katishonok,N/Leningrad/1990/}) 11... Qh4+ 12. g3 (12.
Kd2 $5 fxe6 13. dxe6 O-O 14. exd7 Bxd7 15. Bxd7 Rad8 16. Kc2 Rf2+ 17. Kb1 Bxc3
18. Qg4 Bf6 19. Nh3 Rxd7 20. Nxf2 {1-0/Alexandrov,A-Wojtkiewicz,A/Wisla BES/
1992/}) 12... Nxg3 13. hxg3 Qxh1 14. Be3 $1 (14. exd7+ Bxd7 15. Bxd7+ Kxd7 16.
Qg4+ f5 (16... Kd8 17. Bg5+ f6 18. O-O-O Re8 19. Nge2 Qh2 20. Nf4 fxg5 21. Ne6+
Rxe6 22. dxe6+ {1-0/Zaja,I-Kutuzovic,B/CRO-Cup Pula/1995/}) 17. Qa4+ Kc8 18.
Be3 Bxc3+ 19. bxc3 Qxd5 20. Rd1 Qc6 21. Qxc6+ bxc6 22. Bxc5 Rb8 23. Rd2 Rd8 24.
Re2 Rd3 25. Bd4 Kd7 26. Kf2 c5 27. Bxc5 Rxc3 28. Bd4 Rc1 29. Bxa7 Rbc8 30. Be3
R1c2 $10 {Thorsteins,K-Ashley,M/New York op/1989/}) 14... Bxc3+ (14... O-O 15.
exd7 Bxd7 16. Bxd7 Rae8 17. Bxe8 Rxe8 18. Qe2 Bd4 19. O-O-O Rxe3 {Littlewood,
P-Norwood,D/Commonwealth (ch)/1985/} 20. Qc2 $1 Rxg3 21. Nge2 Qh6+ 22. Kb1 Rg2
23. Qa4 $18) 15. bxc3 a6 {This game will probably change the evaluation of the
15..a6 line and in the future black will have to switch towards 15...Qe4.} (
15... Qe4 $5 16. Qf3 Qxf3 17. Nxf3 (17. exd7+ Bxd7 18. Bxd7+ Kxd7 19. Nxf3 b6
$2 (19... Rhe8 $142) 20. Ne5+ Ke7 21. a4 f6 22. Nc4 Rhe8 23. a5 Rab8 24. axb6
axb6 25. Ra6 Kd7 26. Kd2 b5 27. Ra7+ Kd8 28. Na5 {1-0/Kouatly,B-Schmittdiel,E/
Augsburg/1989/}) 17... fxe6 18. dxe6 O-O (18... a6 19. exd7+ Bxd7 20. Bxd7+
Kxd7 21. Bxc5 Kc6 22. Be3 Rae8 23. Kd2 Re4 24. Nd4+ Kd5 25. Kd3 Rc8 26. Nc2
Rce8 27. Rb1 $16 {Urban,K-Ciemniak,R/POL-ch/1993/}) 19. exd7 (19. Ke2 $2 Nf6
20. e7 Rf7 21. Bxc5 Bg4 22. Rd1 Nd5 23. Rd3 Nxe7 24. Bc4 Nc6 25. Kf2 Re8 26.
Bxf7+ Kxf7 27. Nd4 Ne5 $17 {Lautier,J-Ivanchuk,V/Monaco act/1995/}) (19. Bh6 $3
{Ftacnik} Rxf3 (19... Re8 20. O-O-O Nf6 (20... Rxe6 21. Bc4 Nb6 22. Ng5 $1 $18)
21. Bxe8 Bxe6 22. Ba4 Bxa2 23. Ne5 $1 $16 {/\ c4, Rd6}) 20. Rd1 $1 Rxc3 21.
exd7 Bxd7 22. Rxd7 a6 23. Rg7+ $2 (23. Bf1 $1 Rf8 24. Rg7+ Kh8 25. Rxb7 $18)
23... Kh8 {Kalinin,O-Konev/corr/1991/}) 19... Bxd7 20. Bxd7 $14 (20. Bxd7 Rxf3
21. Bxc5 Rxg3 22. Be6+ Kg7 23. Bd4+ Kf8 24. Kd2 b6 $10 {Nikolic,G-Lindemann/
Harkany/1987/})) (15... O-O 16. exd7 Bxd7 17. Bxd7 $16) 16. exd7+ Bxd7 17.
Bxd7+ Kxd7 18. Qb3 $1 $146 {A strong novelty in a position, considered
double-edged until now. But White's K is safer, there is still a possibility
of castling. so Sokolov keeps the Queens on and plays for the attack, which
quickly proves to be very strong. It is truly surprising, that white have not
found this logical concept before. This move combines attack with quick
removal of the K from the fire zone. Black's chances are quite poor.} (18. Qf3
Qxf3 19. Nxf3 Rae8 (19... Rhe8 20. Kf2 Kd6 21. c4 f6 (21... b5 {Ftacnik} 22.
Bf4+ Kd7 23. Ne5+ $16) 22. Rb1 (22. a4 $1 {Ftacnik /\ a5} b5 $8 23. Nd2 $16)
22... b5 23. Nd2 g5 24. Kf3 Rad8 25. Rd1 h5 26. Ne4+ Rxe4 27. Kxe4 Re8+ 28. Kf3
bxc4 29. Bd2 Re5 30. Bc3 Rf5+ $10 {Illescas Cordoba,M-Topalov,V/Alcobendas m/
1994/}) (19... Kd6 $1 {Ftacnik} 20. c4 f6 $14) 20. Kf2 Re4 21. Bxc5 Rhe8 22.
Re1 Rxe1 23. Nxe1 b6 24. Bxb6 (24. Bd4 {Ftacnik} Kd6 25. c4 Rc8 26. Bxb6 Rxc4 {
0-1 Krachler,G-Shabalov,A/Werfen op (01)/1990/ (35)}) 24... Kd6 25. Nc2 Kxd5
26. Ne3+ Ke4 27. a4 f5 $44 {Thuesen,M-De Firmian,N/Farum/1993/}) (18. Qa4+ b5
19. Qg4+ (19. Qf4 {Ftacnik} Rhe8 20. O-O-O Qe4 21. Bxc5 Qxf4+ 22. gxf4 Rac8 23.
Bd4 Re4 24. Nf3 Rxf4 25. Ne5+ Kd6 26. Nc6 Re4 27. Bg1 f5 {0-1 Remlinger,
L-Shabalov,A/Las Vegas op (06)/1993/ (44)}) 19... f5 20. Qf3 Qxf3 21. Nxf3 Rhe8
22. Kf2 Re4 23. Ng5 Rc4 24. Nxh7 Rh8 25. Rh1 Kc8 26. d6 Rxc3 27. d7+ Kxd7 28.
Nf6+ Ke6 29. Rxh8 Kxf6 30. Rc8 Rc2+ 31. Kf3 Rxa2 32. Rxc5 $14 {Remlinger,
L-Brownescombe,T/San Mateo/1994/}) (18. Qg4+ $5 {Ftacnik} f5 19. Qf3) 18... b5
(18... Kc8 {Ftacnik} 19. O-O-O $16) 19. O-O-O $40 (19. Bxc5 {Ftacnik} Rac8 20.
Bf2 Rhe8+ 21. Kf1 Rc4 $36) 19... Rhe8 (19... c4 20. Qb4 Rhc8 21. Bg5 $18) (
19... Rac8 20. Qa3 $18 (20. Qa3 {Ftacnik} Qe4 21. Bxc5 $16) (20. Bf4 $5)) (
19... Rhc8 $142 $5 20. Qa3 Qe4 21. Bxc5 Qc4 22. Bd4 (22. Bb4 $5) 22... b4 23.
Qa4+ Qb5 $16 {Black must try to get the Q off to survive for a while, even if
it costs him a pawn.}) 20. Bxc5 Rac8 21. Bd4 Qg2 22. Qa3 (22. d6 {Ftacnik} Re6)
22... Qxg3 (22... Ra8 {Ftacnik} 23. c4 $1 $16) 23. Qxa6 $18 {With black K on
g8 the second player would be quite comfortable, but on d7 his fate is sealed.}
Rxc3+ (23... Qg5+ {Ftacnik} 24. Kc2 Qg2+ 25. Rd2 Qf1 26. Ne2 $18) 24. Kb2 $18 {
Now Black's K is helpless in the middle.} (24. Bxc3 $2 Qxc3+ 25. Kb1 Qb4+ 26.
Kc2 Qc4+ $10) (24. Kb1 $1 {Ftacnik} Rb3+ (24... Qg4 25. Qxb5+ $18) 25. Ka1 $18)
24... Rcc8 (24... Qg2+ {Ftacnik} 25. Kxc3 (25. Ka1 $2 Qxd5 $17) 25... Rc8+ 26.
Kd3 (26. Bc5 Rxc5+ 27. Kb4 Qc2 $13) 26... Qc2+ 27. Ke3 Re8+ (27... Qxd1 28.
Qxb5+ Kd6 29. Ne2 $16) 28. Kf4 Qf5+ (28... Qxd1 29. Qxb5+ Kd8 30. Bb6+ Ke7 31.
Bc5+ Kd8 32. Qb8+ Kd7 33. Qb7+ Kd8 34. Bb6#) 29. Kg3 Qg5+ 30. Kf2 Qh4+ 31. Kf1
Qf4+ 32. Bf2 $16) 25. Qxb5+ Kd6 (25... Ke7 26. d6+ $1 Qxd6 27. Re1+ Kf8 28.
Rxe8+ Rxe8 29. Bc5 $18) (25... Kc7 26. Qc6+) 26. Ka1 $1 {The difference
between the fortunes of the two K can hardly be more striking.} (26. Bc5+ $2
Rxc5 27. Qb6+ Kd7 28. Qxc5 Qh2+ $1 29. Ka1 Qe5+) 26... Qa3 (26... Re1 $2 27.
Qb4+ $18) (26... h5 27. Bc5+ $1 Rxc5 28. Qb6+ $18) 27. Bb2 Qc5 (27... Qa7 28.
Nf3 $18) 28. Qa6+ Kd7 (28... Kc7 29. d6+ $18) 29. Qa4+ $1 (29. Qa4+ Kd8 (29...
Kc7 30. d6+ {[%cal Rd6d7] /\d7}) 30. Bf6+ $18 {[%cal Rd5d7] /\d6-d7}) 1-0

[Event "WchT 4th"]
[Site "Luzern"]
[Date "1997.11.01"]
[Round "8.1"]
[White "Lalic, Bogdan"]
[Black "Kotsur, Pavel"]
[Result "0-1"]
[WhiteElo "2600"]
[BlackElo "2500"]
[Annotator "Stohl,I"]
[PlyCount "80"]
[EventDate "1997.10.25"]
[EventType "team-tourn"]
[EventRounds "9"]
[EventCountry "SUI"]
[SourceTitle "CBM 062"]
[Source "ChessBase"]
[SourceDate "1998.01.31"]
[SourceVersion "1"]
[SourceVersionDate "1998.01.31"]
[SourceQuality "1"]
[WhiteTeam "Croatia"]
[BlackTeam "Kazakhstan"]
[WhiteTeamCountry "CRO"]
[BlackTeamCountry "KAZ"]

1. d4 Nf6 2. c4 c5 3. d5 e6 4. Nc3 exd5 5. cxd5 d6 6. e4 g6 7. f4 Bg7 8. Bb5+ {
One of the most aggresive and dangerous lines against the Benoni. Black must
play very carefully not to get under a strong attack.} Nfd7 9. a4 O-O 10. Nf3
Na6 11. O-O Nc7 12. Bd3 {White usually avoids exchanging his B and this is the
most logical retreat.} (12. Be2 a6 (12... Re8 13. Nd2 Qe7 14. Bf3 b6 15. Nb5
Nxb5 16. axb5 f6 17. Nc4 a6 18. Qb3 Qf8 19. f5 g5 20. Re1 Bb7 21. Bd2 Qe7 22.
Nxb6 $1 Nxb6 23. bxa6 Rxa6 24. Rxa6 Bxa6 25. Qxb6 $16 {Zhitin,Y-Cyborowski,L/
EUChJ-U18 Tallinn/1997/}) 13. Nd2 f5 $5 14. Nc4 Bd4+ 15. Kh1 fxe4 16. Nxe4 Nf6
17. Ncxd6 Nxe4 18. Nxe4 Nxd5 19. Bc4 Kh8 20. Nxc5 Ne3 21. Bxe3 Bxe3 {Sjodahl,
P-Atkinson,P/EU-chJ U20 Arnhem/1989/} 22. Ne6 $11) (12. Bxd7 $5 {Kasparov,G 
(2675)-Nunn,J (2565) Luzern olm 1982 (9) 1-0 This idea was first introduced
into practice by Kasparov in his brilliant game against Nunn. Here it's not so
effective.} Bxd7 13. f5 gxf5 14. Bg5 f6 15. Bf4 Ne8 16. Qc2 fxe4 17. Nxe4 Bf5
18. Nh4 Bg6 19. Ra3 Qe7 20. Nxg6 hxg6 21. Rg3 f5 22. Ng5 Nc7 23. h4 Rfe8 24. h5
Qe2 25. Qxe2 Rxe2 $132 {Chiburdanidze,M-Kotsur,P/WChT Luzern/1997/}) (12. Bc4
a6 13. h3 Rb8 14. Qd3 f5 15. e5 b5 16. axb5 axb5 17. Nxb5 Nxb5 18. Bxb5 dxe5
19. fxe5 Nxe5 20. Nxe5 Bxe5 21. Bh6 Rf7 22. Bc4 Qd6 23. Rae1 Rxb2 24. Rxe5 Qxe5
25. d6 Bb7 $11 {Navratilik,P-Simacek,P/MOR-chT/1997/}) (12. Re1 $5 {[%cal
Yb5f1] /\Bf1}) 12... a6 (12... Re8 13. Bd2 a6 14. Be1 Rb8 15. e5 $1 {This
break is a typical motive for White's attacking build-up.} dxe5 16. Bh4 Bf6 17.
d6 Ne6 18. Bxf6 Qxf6 19. Nd5 Qg7 20. fxe5 Kh8 21. Qd2 b5 22. axb5 axb5 23. Rae1
c4 24. Bc2 Bb7 25. Nc7 $16 {Levitt,J-Norwood,D/London WFW/1988/}) (12... Nf6
13. h3 b6 14. Bc4 Ba6 15. Bxa6 Nxa6 16. e5 $1 $40 {[%csl Gd5,Ge5] ()[+]} Ne8
17. Be3 Nb4 18. Qb3 Nc7 19. Rad1 Qd7 20. Bf2 Qf5 21. Bh4 Qxf4 22. Bg5 Qf5 23.
exd6 Ne8 24. Be7 Nf6 25. Nd2 {1-0,Thien Hai Dao-Ibraev,N/Zagan-WchJ/1997/}) 13.
Re1 $6 {[%cal Gf1f8] This move doesn't fit too well into a >> attacking plan,
the R should stay on the f-file.} (13. Be3 Nf6 14. h3 Rb8 15. Bf2 Nh5 16. Qd2
f5 17. Bh4 Bf6 18. Bxf6 Nxf6 19. e5 Nfe8 20. Rfe1 b5 21. axb5 axb5 22. e6 Qf6
23. Bf1 Rb6 24. Ng5 Qe7 25. Ra5 Ba6 26. g4 fxg4 27. hxg4 Nf6 28. Be2 Bb7 $13 {
Williams,L-Nedev,T/EUCup qual6 Heraklio/1997/}) (13. Bd2 $142 $5 {See also
Levitt-Norwood game.} Rb8 14. a5 (14. Rb1 $6 b5 15. axb5 axb5 16. b4 cxb4 17.
Rxb4 Nc5 18. Qb1 Bd7 19. e5 N7a6 20. Rb2 b4 21. Bxa6 bxc3 22. Rxb8 Qxb8 23.
Bxc3 Nxa6 24. Qe1 Bb5 {0-1,Bosbach,G-Lau,R/BL9697/1997/}) (14. Qe2 $5 b5 15.
axb5 axb5 16. Nxb5 Nxb5 17. Bxb5 Qb6 18. Bc4 Qxb2 19. e5 Qb7 20. e6 Nb6 21.
Rab1 fxe6 22. Ba5 Nxc4 23. Rxb7 Bxb7 24. Qxc4 Bxd5 25. Qc1 $18 {Gurevich,
D-Levin,D/New York op/1985/}) 14... b5 15. axb6 Nxb6 (15... Rxb6 $142 16. Na4
$14) 16. Ra2 Nb5 17. Kh1 Re8 18. Be1 c4 19. Bc2 Qc7 20. e5 $1 Nd7 21. e6 fxe6
22. dxe6 Nf6 23. Ng5 Bxe6 24. Nxe6 Rxe6 25. f5 gxf5 26. Bxf5 Ree8 27. Rxa6 Kh8
28. Nxb5 Rxb5 29. Bc3 Nd5 30. Qh5 {1-0,Ksieski,Z-Pojedziniec,W/POL-chT
Lubniewice/1981/}) 13... Re8 14. Be3 (14. Nd2 Nf6 15. Be2 (15. h3 Rb8 16. a5
Nh5 17. Nc4 $2 Bd4+ 18. Kh2 Qh4 19. Rf1 Qg3+ 20. Kh1 Bxh3 21. Qf3 Bg4 22. Qxg3
Nxg3+ 23. Kh2 Nxf1+ 24. Bxf1 Rbd8 {0-1,Vacovska,V-Sikorova,O/CZE-chW/1997/})
15... Rb8 16. a5 b5 17. axb6 Rxb6 18. Nc4 Rb4 19. Bd2 Ng4 20. Bxg4 Bxg4 21.
Qxg4 Rxc4 $132 {1/2,Balogh,T-Pejko,O/SVK-chT/1994/}) ({The following examples
show White's typical attacking resource e4-e5 loses a lot of it's strength
with the R on e1.} 14. h3 Rb8 15. e5 dxe5 16. d6 Ne6 17. f5 (17. fxe5 Nd4 $15)
17... Nd4 18. fxg6 hxg6 19. Nd5 Re6 20. Ne7+ Kf8 21. Nxd4 cxd4 22. Bg5 Bf6 23.
Qg4 Rxd6 24. Nxg6+ fxg6 25. Rf1 {Southam,D-Teodoro,E/Ontario-ch/1993/} Ke7 $19)
(14. e5 dxe5 15. d6 Ne6 16. Nd5 exf4 17. Bc4 Nf6 18. Ne7+ Kf8 19. Ne5 Rxe7 20.
dxe7+ Qxe7 21. Ra3 Ne8 22. Rf3 Nd6 23. Bd5 Nf5 24. Kh1 Nfd4 25. Rff1 Qd6 26.
Bxe6 Bxe5 27. Bxc8 Rxc8 28. Qg4 Ne6 $17 {Bazant-Knazovcik/Pardubice op/1992/})
14... Rb8 15. a5 (15. Bf2 b5 16. e5 (16. axb5 Nxb5 $5 $132) 16... dxe5 17. d6
Ne6 $13) 15... b5 16. axb6 Rxb6 17. Qd2 Rb4 $132 {Black has satisfactorily
solved the opening problems.} 18. Rab1 (18. Bf2 $142 Nf6 (18... Nb5 $5 19. Rac1
Nd4 $11) 19. h3 $13) 18... Nf6 {[%cal Rf6g4] /\Ng4-/+} 19. Bf2 (19. h3 Nxe4 $1
20. Nxe4 Rbxe4 21. Bxe4 Rxe4 $44 {[%csl Gc8,Rd5,Gg7] ><d5,^^}) 19... Bg4 20.
Ng5 $2 (20. Nh4 $142 Nb5 21. h3 $11) 20... h6 21. Nf3 (21. Nh3 Bxh3 22. gxh3
Nh5 $40) (21. h3 Bh5 $5 (21... hxg5 22. fxg5 Nh7 $15) 22. Nf3 Bxf3 23. gxf3 Nh5
$17 {[%csl Rf3,Rf4,Rg1,Rh3] ע,h3,f3,f4}) 21... Bxf3 22. gxf3 Nh5 $36 23. Na2
Rd4 $1 {[%cal Rc5c4,Rh5f4] /\Nf4,c4 A nice positional sacrifice, which White
is forced to accept.} (23... Rb7 $143 $6 24. b4 $132) 24. Bxd4 Bxd4+ 25. Kh1
Qh4 26. Bc4 (26. f5 $2 Qh3 27. Qg2 Qxg2+ 28. Kxg2 Nf4+ $19) 26... Nxf4 $36 {
Black has a pawn for the exchange, dark-square control and good attacking
chances against White's weakened K.} 27. Rg1 $2 {White loses control and
doesn't put up any resistance.} (27. Nb4 $142 $1 Re5 (27... Nh3 28. Nd3 {
[%cal Yd2g2,Yg2g3] /\Qg2-g3}) 28. Nd3 Nxd3 29. Bxd3 Rh5 30. Rf1 (30. f4 $2 Bf2
$19) 30... Be3 31. Qc2 Bf4 $36) 27... Nh3 $1 (27... Bxg1 $143 28. Rxg1 Qf6 $17)
28. Rg2 $8 (28. Rg3 Nf2+ 29. Kg2 Nxe4 $1 $19 {loses the most important pawn.})
28... Nf2+ 29. Rxf2 Bxf2 30. Nc3 Re5 $40 {Black has extra material and a
strong attack. The game is decided.} 31. Rf1 Bg3 32. Rg1 (32. f4 Rh5 $19) 32...
Bf4 33. Qe2 Rh5 34. Rg2 Qf6 35. Nd1 (35. Qf2 Be5 $19) 35... Nb5 $1 {Activates
the last passive piece.} 36. Bxb5 axb5 37. Nf2 (37. Qxb5 Bxh2 $1 $19) (37. Nc3
b4 38. Nb5 c4 $1 $19 {[%csl Gc4] o^c}) 37... Qd4 38. Nd3 Be3 39. f4 $2 (39. Ne1
$142 Rg5 $1 40. Rxg5 Bxg5 $19 {/\} 41. Qxb5 Qf2) 39... Qxe4 40. Nf2 (40. Qxh5
Qxd3 $1 $19 {/\Qf1,Qb1} (40... Qxg2+ $19)) 40... Rxh2+ $1 {Nicely finishes the
attack.} (40... Qxf4 $2 41. Qxh5 $17 (41. Qxh5 Bxf2 42. Qd1 $17)) (40... Rxh2+
41. Kxh2 Bxf4+ {/\Qe2}) 0-1

[Event "Belgrade GMA op"]
[Site "Belgrade"]
[Date "1988.??.??"]
[Round "?"]
[White "Ilic, Dragan M"]
[Black "Gruenfeld, Yehuda"]
[Result "0-1"]
[WhiteElo "2420"]
[BlackElo "2520"]
[Annotator "Stohl,I"]
[PlyCount "80"]
[EventDate "1988.12.??"]
[EventType "swiss"]
[EventRounds "9"]
[EventCountry "YUG"]
[SourceTitle "TD"]
[Source "ChessBase"]
[SourceDate "1994.03.01"]
[SourceVersion "1"]
[SourceVersionDate "1994.03.01"]
[SourceQuality "1"]

1. d4 Nf6 2. c4 e6 3. Nc3 c5 4. d5 exd5 5. cxd5 d6 6. e4 g6 7. f4 Bg7 8. Bb5+
Nfd7 9. a4 O-O 10. Nf3 Na6 11. O-O Nc7 12. Bc4 (12. Re1 $5 $14) 12... Nb6 13.
Bb3 $5 (13. Ba2 Na6 $5 14. a5 Nd7 15. Bc4 $14) 13... Bg4 14. h3 Bxf3 15. Qxf3
Nd7 16. e5 $1 dxe5 $8 17. f5 {/\Ne4->} e4 $1 18. Nxe4 Ne5 19. Qg3 c4 20. f6 $5
(20. Bc2 Qxd5 21. f6 Bh8 22. Rf5 Rfe8 23. Be3 {/\ R d1~/=}) 20... Bh8 21. Qxe5
Re8 22. Qd4 cxb3 23. Nc3 Ne6 24. Qf2 $1 Nf8 25. Bg5 Nd7 26. Qh4 $14 {ץh8} Re5
27. Rf3 $6 (27. Rad1 Qb6+ 28. Kh1 Rae8 29. d6 $5 {/\Nd5} Qc5 30. Qg4 $1 $16)
27... Qb6+ 28. Kh1 Rae8 29. Raf1 Qc5 $1 $132 30. Qg3 (30. Qg4 Nb6 $13) 30...
Nb6 31. Bf4 $6 Bxf6 $1 32. Bxe5 Bxe5 33. Qh4 f5 $44 34. Ne4 $2 Qd4 $5 (34...
fxe4 35. Rf7 Bg7 $17) 35. d6 Qxe4 36. Qxe4 fxe4 37. Rxb3 Bxd6 $19 38. a5 Nc4
39. Rxb7 e3 40. Rff7 Be5 0-1

[Event "Clichy"]
[Site "Clichy"]
[Date "2001.06.30"]
[Round "6"]
[White "Lautier, Joel"]
[Black "Degraeve, Jean Marc"]
[Result "1/2-1/2"]
[WhiteElo "2658"]
[BlackElo "2589"]
[Annotator "Stohl,I"]
[PlyCount "58"]
[EventDate "2001.06.25"]
[EventType "tourn"]
[EventRounds "9"]
[EventCountry "FRA"]
[EventCategory "14"]
[SourceTitle "CBM 085"]
[Source "ChessBase"]
[SourceDate "2001.11.13"]
[SourceVersion "1"]
[SourceVersionDate "2001.11.13"]
[SourceQuality "1"]

1. d4 Nf6 2. c4 c5 3. d5 e6 4. Nc3 exd5 5. cxd5 d6 6. e4 g6 7. f4 Bg7 8. Bb5+
Nbd7 $5 {A sharp sacrificial side-line leading to an unusual material balance,
which may well be rehabilitated by this game.} ({The usual continuation is} 
8... Nfd7 9. a4 ({or} 9. Nf3)) 9. e5 dxe5 10. fxe5 Nh5 11. e6 Qh4+ 12. g3 Nxg3
13. hxg3 Qxh1 14. Be3 Bxc3+ $1 15. bxc3 a6 16. exd7+ Bxd7 17. Bxd7+ Kxd7 18.
Qb3 {[%mdl 1024] This move was introduced in 1996 by Ivan Sokolov and
considered a refutation of the whole line. White avoids the _|_ and plays for
a direct attack against Black's K.} (18. Qf3 Qxf3 19. Nxf3 {Similar is} Rae8 $5
(19... Rhe8 20. Kf2 (20. Kd2 c4 21. Rh1 Kd6 (21... h5 $142 $13) 22. Rxh7 Re7
23. Bg5 Rd7 24. Rh4 b5 25. Rd4 f6 26. Bxf6 Rf8 27. Be5+ Kc5 28. Rf4 Rxf4 29.
gxf4 Rxd5+ 30. Bd4+ Kd6 31. Ne5 a5 {Mohd,F-Dowden,R/Auckland/1997/} 32. Ke3 $16
) 20... Re4 21. Nd2 Rg4 22. Bf4 g5 23. Ne4 gxf4 24. Nf6+ Kd6 25. Nxg4 fxg3+ 26.
Kf3 Kxd5 27. Ne3+ Ke6 28. Kxg3 Rd8 29. Kf4 Rd2 30. a4 b5 31. axb5 axb5 32. Rb1
$11 {1/2,Anderson,S-Dejmek,M/Dallas/1996/}) 20. Kf2 Re4 21. Bxc5 $6 (21. Nd2
$142 $1) 21... Rhe8 22. Re1 Rxe1 23. Nxe1 b6 24. Bxb6 Kd6 25. Nc2 Kxd5 26. Ne3+
Ke4 27. a4 f5 28. a5 h5 $15 {Thuesen,M-De Firmian,N/Farum/1993/}) (18. Qg4+ $5
f5 19. Qf3 Qxf3 20. Nxf3 {is a somewhat better version of the _|_, with
Black's >>P slightly shaky.}) 18... b5 19. O-O-O Rhe8 (19... Qe4 20. Bxc5 Rhc8
(20... Qc4 21. Qxc4 bxc4 22. Nf3 Rhe8 23. Ng5 Re2 24. Rd2 Re1+ 25. Kb2 Rb8+ 26.
Ka3 Rb5 27. Bb4 Re3 28. Nxh7 Rxg3 29. Nf6+ Kd8 {Zerm,A-Dejmek,M/Dallas/1996/}
30. Re2 $18) 21. Qb4 $1 $14 {/+/-} (21. Bd4 Rc4 22. Kb2 (22. Nh3 Rxd4 23. Rxd4
Qh1+) 22... Qg2+ 23. Ka1 Re8 24. Qb2 Qxg3 25. Ne2 Qf3 $17 {Asgeirsson,
H-Bjornsson,B/Reykjavik/1998/})) (19... Qg2 20. Bxc5 Qxg3 21. Rf1 f5 22. Nf3
Rhe8 23. d6 Re6 24. Qd5 Rb8 25. Ba7 Rd8 26. Qb7+ Ke8 27. d7+ $1 Kf7 28. Qd5
Qf4+ 29. Kb2 h6 30. Bb6 $18 {Anderson,S-Dejmek,M/Houston/1999/}) 20. Bxc5 (20.
Bf4 Qh5 21. d6 c4 22. Qa3 a5 23. Qb2 Rab8 24. Qf2 Rb7 25. Re1 Qd5 26. Rxe8 Kxe8
27. Qe3+ Qe6 $15 {Compagnie,L-Obers,F/NLD-chT 9697/1996/}) 20... Qg2 $1 $146 {
[%mdl 8] The Q remains on the important long diagonal, prevents the N from
entering the game with tempo and takes away f1 from White's R. Also the Ra8
remains protecting the Pa6-see Sokolov-Topalov. Although technically this move
is not a novelty, Degraeve recognized it's importance, quite probably with
computer assistence (it's Fritz's favourite after only a couple of seconds).} (
20... Rac8 $6 21. Bd4 Qg2 22. Qa3 {[%csl Ra6] ><a6} Qxg3 23. Qxa6 Rxc3+ 24. Kb2
Rcc8 25. Qxb5+ Kd6 26. Ka1 Qa3 27. Bb2 Qc5 28. Qa6+ Kd7 29. Qa4+ {1-0,Sokolov,
I-Topalov,V/Wijk aan Zee/1996/}) 21. d6 (21. a4 Rab8 $1 $40) (21. Qa3 Qxg3 {
[%cal Re8e1] /\Re1-/+ is now pointless.}) 21... Re6 22. Nh3 $5 {White decides
to act, as otherwise his -> is not strong enough:} (22. Qd5 $2 Qxd5 23. Rxd5
Kc6 $19) (22. Qa3 Qxg3 23. Kb2 (23. Qa5 $4 Qg5+ $19) 23... Qg2+ (23... Re1 24.
Rxe1 Qxe1 25. Qa5 $132) 24. Ka1 h5 $17 {and the N still can't go out.}) 22...
Qxh3 $8 23. Qd5 Rb8 (23... Qh6+ 24. Kb1 Rb8 25. Ba7 {is only a transposition.})
24. Ba7 Qh6+ 25. Kb1 Qf8 $8 (25... Rd8 $2 26. Qc5 $1 Qh3 (26... Ke8 27. d7+ $1
Rxd7 28. Qc8+ $18) 27. Qc7+ Ke8 28. d7+ $18) 26. g4 {White doesn't have to
take on b8 immediately and can make a useful positional move first.} (26. Bxb8
Qxb8 27. g4 Rxd6 (27... h6 {-26.g4 h6}) 28. Qxf7+ Kc6 29. Rxd6+ Qxd6 30. Qxh7
Qd1+ 31. Kb2 Qxg4 32. Qa7 Qc8 (32... Qe2+ $5 33. Ka3 g5 34. Qxa6+ Kd7 $15) 33.
Qe3 Kb7 34. Qe7+ Qc7 35. Qe4+ Qc6 36. Qe7+ Kb6 37. Qd8+ Kb7 38. Qe7+ Ka8 39.
Qf8+ Ka7 40. Qf2+ Kb8 {1/2,Cuevas Rodriguez,M-Wallace,I/Yerevan olw/1996/})
26... Qe8 (26... h6 $5 27. Bxb8 Qxb8 28. Qf3 f6 29. Rh1 $132) 27. Bxb8 (27. g5
$5 $44 {/\} Re1 28. Bxb8 Rxd1+ 29. Qxd1 Qxb8 30. Qg4+ $1 Kd8 31. Qd4 $11) 27...
Qxb8 28. Rf1 Qxd6 (28... f6 29. Rh1 Qxd6 30. Rxh7+ Re7 31. Qb7+ Ke6 32. Qe4+
$11) 29. Rxf7+ Ke8 (29... Ke8 30. Qxd6 (30. Qf3 $2 Re1+ 31. Kc2 Qa3 $17 {->})
30... Rxd6 31. Rxh7 Rd1+ 32. Kc2 Rg1 33. Ra7 $11) 1/2-1/2